[Event "33rd ECCC Open 2017"]
[Site "Antalya"]
[Date "2017.10.11"]
[Round "2"]
[White "Nikolovski, Nikola"]
[Black "Atakisi, Umut"]
[Result "0-1"]
[WhiteElo "2420"]
[BlackElo "2361"]
[Annotator "TA"]
[PlyCount "106"]
[EventType "team-tourn"]
[EventCountry "TUR"]
[WhiteTeam "Asseco See"]
[BlackTeam "Besiktas"]

{[%evp 21,106,0,0,0,14,0,8,0,0,0,0,0,0,0,17,0,0,0,0,-14,-14,-2,-4,-55,-55,-64,-62,-100,-56,-56,-49,-50,-31,-40,-26,-32,-16,-49,-56,-56,-56,-57,-57,-100,-84,-153,-153,-199,-205,-309,-302,-302,-294,-294,-294,-294,-291,-284,-284,-281,-289,-275,-267,-440,-438,-418,-412,-374,-377,-922,-928,-737,-752,-909,-917,-838,-462,-447,-421,-414,-406,-384,-362,-1114,-1154,-908,-881]} 1. e4 c5 2. Nc3 Nc6 3. f4 g6 4. Nf3 Bg7 5. Bb5 Nd4 6. O-O Nxb5 7. Nxb5 d5 8. e5 d4 {B23: Sizilianisch (Geschlossenes System)} 9. c3 a6 10. Na3 b5 11. cxd4 cxd4 {LiveBook: 3 Partien} 12. d3 Nh6 {[%cal Bg8h6,Bh6f5,Bf5e3][%mdl 32]} 13. Nc2 Nf5 14. g4 Ne3 $1 {[%cal Re3d1]} 15. Bxe3 dxe3 16. Nxe3 {[#]} Bb7 $146 17. d4 O-O 18. d5 f6 19. Qd4 fxe5 20. Nxe5 Qd6 21. Rad1 Rad8 22. Qe4 (22. g5 $11) 22... e6 $1 $15 {[%cal Re6d5]} 23. g5 Bxd5 $1 24. Qd4 Qe7 {[#] zielt auf ...La8 ab.} 25. Nxd5 Rxd5 26. Qe3 {Schwarz muss nun Sxg6! beachten.} Qd6 27. Rxd5 Qxd5 28. b3 $1 Bxe5 29. fxe5 Rxf1+ 30. Kxf1 {[%mdl 4096] Endspiel KD-KD} Qh1+ 31. Qg1 Qe4 {Droht stark ...Db1+.} 32. Qg3 Qb1+ 33. Qe1 (33. Ke2 $142) 33... Qf5+ $17 (33... Qxa2 34. Qc1 $11) 34. Qf2 Qxe5 (34... Qxg5 35. Qd4 $17) 35. Qb6 (35. Qf3 {war einen Versuch wert.}) 35... Qa1+ $19 ({Und nicht} 35... Qxg5 36. Qxe6+ Kg7 37. Qxa6 $11) 36. Kg2 Qxa2+ 37. Kf1 Qb1+ ({Minderwertig wäre} 37... Qxb3 38. Qd8+ Kg7 39. Qf6+ Kg8 40. Qd8+ Kg7 41. Qf6+ Kg8 42. Qd8+ $11) 38. Ke2 Qc2+ ({Schwächer ist} 38... Qxb3 39. Qd8+ Kg7 40. Qf6+ Kg8 41. Qd8+ Kg7 42. Qf6+ Kg8 43. Qd8+ $11) 39. Ke1 {[#]} Qc1+ $1 40. Ke2 Qxg5 41. Qxe6+ Kg7 42. Qxa6 $2 (42. Qd6) 42... Qg2+ 43. Kd3 Qh3+ 44. Ke4 Qxb3 45. Qa1+ $2 (45. Qb7+ Kh6 46. Qe7) 45... Kh6 46. Qc1+ Kh5 47. Qc5+ g5 48. Qe7 Qc2+ 49. Kf3 Qf5+ 50. Kg2 Qg4+ 51. Kf2 {[%cal Re7h7]} Qd4+ 52. Kg3 $2 (52. Kg2 Qd5+ 53. Kg3 Qd3+ 54. Kg2) 52... Qg1+ 53. Kf3 g4+ {Precision: Weiß = 43%, Schwarz = 81%.} 0-1

[Event "33rd ECCC Open 2017"]
[Site "Antalya"]
[Date "2017.10.09"]
[Round "2"]
[White "Lodici, Lorenzo"]
[Black "Milovic, Jovan"]
[Result "1-0"]
[WhiteElo "2407"]
[BlackElo "2301"]
[Annotator "NA"]
[PlyCount "99"]
[EventType "team-tourn"]
[EventCountry "TUR"]
[SourceTitle "playchess.com"]
[Source "ChessBase"]
[SourceQuality "1"]
[WhiteTeam "Augusta Perusia"]
[BlackTeam "Elektroprivreda"]
[TimeControl "40/5400+30:1800+30"]

1. d4 {[%emt 0:00:30]} c5 {[%emt 0:02:00]} 2. d5 {[%emt 0:00:30]} e6 {[%emt 0:00:00]} 3. Nc3 {[%emt 0:00:30]} exd5 {[%emt 0:01:00]} 4. Nxd5 {[%emt 0:00:30]} Nf6 {[%emt 0:00:30]} 5. Nxf6+ {[%emt 0:01:30]} Qxf6 {[%emt 0:00:30]} 6. e4 {[%emt 0:04:30]} Qe6 {[%emt 0:06:30]} 7. f3 {[%emt 0:03:30]} Nc6 {[%emt 0:01:30]} 8. Nh3 {[%emt 0:03:30]} Bd6 {[%emt 0:02:30]} 9. Bf4 {[%emt 0:01:30]} Be5 {[%emt 0:00:30]} 10. c3 {[%emt 0:02:30]} O-O {[%emt 0:01:30]} 11. Qd2 {[%emt 0:16:30]} d5 {[%emt 0:01:30]} 12. Ng5 {[%emt 0:07:30]} (12. Qxd5 $11 {remains equal.} Qxd5 13. exd5 Bxh3 14. Bxe5 Nxe5 15. gxh3) 12... Qe7 {[%emt 0:02:30]} 13. O-O-O {[%emt 0:04:30]} dxe4 {[%emt 0:07:30]} (13... h6 $17 14. Bxe5 Nxe5) 14. Bb5 {[%emt 0:12:30]} Qc7 {[%emt 0:07:30]} 15. Bxe5 {[%emt 0:00:30]} Nxe5 {[%emt 0:00:00]} 16. Nxe4 {[%emt 0:01:30]} a6 {[%emt 0:07:00]} 17. Be2 {[%emt 0:05:30]} Be6 {[%emt 0:05:30]} 18. Qd6 {[%emt 0:01:30]} Qxd6 {[%emt 0:02:30]} 19. Nxd6 {[%emt 0:00:00]} Bxa2 {[%emt 0:07:30]} 20. Nxb7 {[%emt 0:00:00]} c4 {[%emt 0:07:30]} 21. f4 {[%emt 0:05:30]} Ng6 {[%emt 0:00:30]} 22. g3 {[%emt 0:00:30]} Rfe8 {[%emt 0:02:30]} 23. Rd2 {[%emt 0:03:30]} Re7 {[%emt 0:00:00]} 24. Nd6 {[%emt 0:03:30]} Rc7 {[%emt 0:00:00]} 25. Rd4 {[%emt 0:00:32]} Ne7 {[%emt 0:00:30]} 26. Bxc4 {[%emt 0:01:55]} Bxc4 $18 {[%emt 0:01:30]} 27. Rxc4 {[%emt 0:00:12]} Rd7 {[%emt 0:00:30]} 28. Rd1 {[%emt 0:00:35]} Rad8 {[%emt 0:00:30]} 29. Rcd4 {[%emt 0:00:12]} Nc6 {[%emt 0:00:00]} 30. R4d2 {[%emt 0:00:41]} Rc7 {[%emt 0:05:00]} 31. Nc4 {[%emt 0:01:51]} Rxd2 {[%emt 0:00:30]} 32. Rxd2 {[%emt 0:00:04]} g6 {[%emt 0:00:30]} 33. Rd6 {[%emt 0:00:58]} a5 {[%emt 0:01:30]} 34. Rd5 {[%emt 0:01:48]} Ne7 {[%emt 0:02:30]} 35. Rd8+ {[%emt 0:00:30]} Kg7 {[%emt 0:00:00]} 36. Nxa5 {[%emt 0:00:27]} h5 {[%emt 0:00:00]} 37. Kc2 {[%emt 0:00:10]} h4 {[%emt 0:00:30]} 38. b4 {[%emt 0:00:17]} h3 {[%emt 0:00:30]} 39. g4 {[%emt 0:01:15]} g5 {[%emt 0:00:00]} 40. fxg5 {[%emt 0:00:00]} Kg6 {[%emt 0:00:00]} 41. Kb3 {[%emt 0:08:03]} Kxg5 {[%emt 0:03:30]} 42. b5 {[%emt 0:02:30]} Ra7 {[%emt 0:00:30]} 43. Kb4 {[%emt 0:01:30]} Kxg4 {[%emt 0:00:30]} 44. b6 {[%emt 0:01:30]} Ra6 {[%emt 0:00:30]} 45. Rd4+ {[%emt 0:00:30]} Kf3 {[%emt 0:00:30]} 46. Kb5 {[%emt 0:00:30]} Ra8 {[%emt 0:00:30]} 47. b7 {[%emt 0:00:00]} Rh8 {[%emt 0:03:30]} 48. Rd7 {[%emt 0:03:00]} Ng6 {[%emt 0:06:30]} 49. Rxf7+ {[%emt 0:01:30]} Kg2 {[%emt 0:00:30]} 50. Rg7 {[%emt 0:00:00]} 1-0

[Event "33rd ECCC Open 2017"]
[Site "Antalya"]
[Date "2017.10.11"]
[Round "2"]
[White "Thorfinnsson, Bjorn"]
[Black "Abbas, Daniel"]
[Result "1-0"]
[WhiteElo "2398"]
[BlackElo "2329"]
[Annotator "ChessBase"]
[PlyCount "129"]
[EventType "team-tourn"]
[EventCountry "TUR"]
[WhiteTeam "Viking"]
[BlackTeam "3CS Oldham"]
[TimeControl "40/5400+30:1800+30"]

1. d4 {[%emt 0:00:30]} Nf6 {[%emt 0:01:00]} 2. c4 {[%emt 0:00:30]} e6 {[%emt 0:00:30]} 3. Nc3 {[%emt 0:00:00]} Bb4 {[%emt 0:00:30]} 4. Nf3 {[%emt 0:00:00]} b6 {[%emt 0:02:30]} 5. Bf4 {[%emt 0:00:30]} Bb7 {[%emt 0:01:30]} 6. e3 {[%emt 0:00:00]} O-O {[%emt 0:05:30]} 7. Bd3 {[%emt 0:00:00]} Ne4 {[%emt 0:04:30]} 8. O-O {[%emt 0:05:30]} Bxc3 {[%emt 0:02:30]} 9. bxc3 {[%emt 0:00:30]} d6 {[%emt 0:04:30]} 10. Ne1 {[%emt 0:04:30]} f5 {[%emt 0:05:30]} 11. f3 {[%emt 0:01:30]} Nf6 {[%emt 0:00:30]} 12. Bg3 {[%emt 0:13:30]} Qe7 {[%emt 0:07:30]} 13. Nc2 {[%emt 0:04:30]} Nh5 {[%emt 0:06:30]} 14. Bf2 {[%emt 0:04:30]} Nd7 {[%emt 0:03:30]} 15. e4 {[%emt 0:14:30]} f4 {[%emt 0:08:30]} 16. e5 {[%emt 0:03:30]} dxe5 {[%emt 0:02:30]} 17. Re1 {[%emt 0:01:30]} Qg5 {[%emt 0:06:30]} 18. Qe2 {[%emt 0:03:30]} Rf6 {[%emt 0:04:30]} 19. dxe5 {[%emt 0:17:30]} Rh6 {[%emt 0:02:30]} 20. Rad1 {[%emt 0:00:30]} Rf8 {[%emt 0:06:30]} 21. Bxh7+ {[%emt 0:09:16]} Rxh7 {[%emt 0:02:30] 4} 22. Rxd7 {[%emt 0:00:30]} Ng3 {[%emt 0:00:30] 1} 23. Bxg3 {[%emt 0:00:30]} fxg3 {[%emt 0:00:30] ]} 24. h3 {[%emt 0:00:00]} Bxf3 {[%emt 0:05:43]} 25. Qe3 {[%emt 0:01:15]} Qg6 {[%emt 0:01:48]} 26. Qd3 {[%emt 0:03:33]} Qxd3 {[%emt 0:07:48]} 27. Rxd3 {[%emt 0:00:05]} Bxg2 {[%emt 0:00:32]} 28. Kxg2 {[%emt 0:01:35]} Rf2+ {[%emt 0:00:24]} 29. Kxg3 {[%emt 0:00:30]} Rxc2 {[%emt 0:00:08]} 30. Rd8+ {[%emt 0:01:35]} Kf7 {[%emt 0:00:08]} 31. Re3 {[%emt 0:00:46]} Ke7 {[%emt 0:02:48]} 32. Red3 {[%emt 0:08:53]} Rxc3 {[%emt 0:03:20]} 33. R8d7+ {[%emt 0:00:30]} Ke8 {[%emt 0:00:30]} 34. Rd8+ {[%emt 0:00:00]} Ke7 {[%emt 0:00:06]} 35. R8d7+ {[%emt 0:00:15]} Ke8 {[%emt 0:00:00]} 36. Kg4 {[%emt 0:01:13]} Rxd3 {[%emt 0:02:30]} 37. Rxd3 {[%emt 0:00:03]} Ke7 {[%emt 0:01:39]} 38. Kg5 {[%emt 0:00:30]} Rh6 {[%emt 0:00:00]} 39. h4 {[%emt 0:00:22]} Ke8 {[%emt 0:00:49]} 40. Ra3 {[%emt 0:00:00] ]} a5 {[%emt 0:30:16]} 41. c5 {[%emt 0:01:09] 1} Kd7 {[%emt 0:00:00] 1} 42. cxb6 {[%emt 0:07:30] 1} cxb6 {[%emt 0:00:00] 1} 43. Rc3 {[%emt 0:00:30] 1} Rh8 {[%emt 0:00:00]} 44. h5 {[%emt 0:00:30]} a4 {[%emt 0:00:00]} 45. Rh3 {[%emt 0:04:30] 9} Re8 {[%emt 0:00:00]} 46. Kg6 {[%emt 0:02:23]} Re7 {[%emt 0:00:00]} 47. Rc3 {[%emt 0:00:22]} b5 {[%emt 0:00:00]} 48. Rc5 {[%emt 0:00:30]} b4 {[%emt 0:00:00]} 49. Rc4 {[%emt 0:01:15]} b3 {[%emt 0:00:07]} 50. Rxa4 {[%emt 0:00:30]} bxa2 {[%emt 0:00:30]} 51. Rxa2 {[%emt 0:00:00]} Kc6 {[%emt 0:00:18]} 52. Rf2 {[%emt 0:00:26]} Kd5 {[%emt 0:00:17]} 53. Rf7 {[%emt 0:00:30]} Re8 {[%emt 0:00:31]} 54. Kxg7 {[%emt 0:02:23]} Kxe5 {[%emt 0:00:10] [%clk 0:05.30]} 55. h6 {[%emt 0:01:03]} Kd4 {[%emt 0:01:08]} 56. Rf8 {[%emt 0:04:53]} Re7+ {[%emt 0:00:10]} 57. Kf6 {[%emt 0:01:53]} Rh7 {[%emt 0:00:30]} 58. Kg6 {[%emt 0:00:30]} Re7 {[%emt 0:00:00]} 59. h7 {[%emt 0:00:40]} Rxh7 {[%emt 0:00:22]} 60. Kxh7 {[%emt 0:00:30]} e5 {[%emt 0:00:30]} 61. Kg6 {[%emt 0:00:30]} e4 {[%emt 0:00:30]} 62. Kf5 {[%emt 0:00:00]} e3 {[%emt 0:00:00]} 63. Kf4 {[%emt 0:00:00]} e2 {[%emt 0:00:17]} 64. Re8 {[%emt 0:00:29]} Kd3 {[%emt 0:00:30]} 65. Kf3 {[%emt 0:00:00]} 1-0

[Event "33rd ECCC Open 2017"]
[Site "Antalya"]
[Date "2017.10.09"]
[Round "2"]
[White "Mihajlov, Sebastian"]
[Black "Van Haastert, Edwin"]
[Result "1/2-1/2"]
[WhiteElo "2393"]
[BlackElo "2447"]
[Annotator "TA"]
[PlyCount "60"]
[EventType "team-tourn"]
[EventCountry "TUR"]
[SourceTitle "playchess.com"]
[Source "ChessBase"]
[SourceQuality "1"]
[WhiteTeam "Oslo"]
[BlackTeam "Leiden"]

{[%evp 21,60,-17,-16,-15,-5,-8,-6,-6,-2,-2,-2,-2,-9,0,0,0,0,-17,-12,-18,-18,-16,-18,-15,0,0,0,0,0,0,0,0,0,0,0,0,0,0,0,0,0]} 1. d4 Nf6 2. c4 e6 3. Nc3 Bb4 4. e3 O-O 5. Nge2 Re8 6. a3 Bf8 7. Ng3 d5 8. Bd3 {E46: Nimzo-Indian: Rubinstein: 4 e3 0-0 5 Ne2 without early Bd3} (8. Be2 b6 9. cxd5 exd5 10. b4 Bb7 11. O-O Nbd7 12. Qb3 c6 13. Bf3 a6 14. Rd1 b5 15. e4 Nb6 {0-1 (51) Gupta,A (2627)-Wei,Y (2725) Liaocheng 2017}) 8... c5 9. dxc5 dxc4 10. Bxc4 Qxd1+ 11. Nxd1 Bxc5 {LiveBook: 3 Games. The position is equal.} 12. O-O a6 13. b4 $146 ({Predecessor:} 13. Be2 Bd7 14. b4 Be7 15. Bb2 Bc6 {½-½ (25) Richardson,K (2118)-Collier,D (2108) England 2011}) 13... Be7 14. Be2 b5 15. Bf3 Ra7 16. Bb2 Rd7 17. Nc3 Bb7 18. Bxb7 Rxb7 19. Rfd1 Rd7 20. Nce4 Nxe4 21. Nxe4 f5 22. Ng3 Red8 23. Rdc1 Kf7 24. h3 Rd3 25. Rc7 R8d7 26. Rc8 Rd8 27. Rc7 R8d7 28. Rc8 Rd8 29. Rc7 R8d7 30. Rc8 Rd8 {Precision: White = 87%, Black = 77%.} 1/2-1/2

[Event "33rd ECCC Open 2017"]
[Site "Antalya"]
[Date "2017.10.09"]
[Round "2"]
[White "Kjartansson, David"]
[Black "Asllani, Ibrahim"]
[Result "1-0"]
[WhiteElo "2386"]
[BlackElo "2072"]
[Annotator "NA"]
[PlyCount "63"]
[EventType "team-tourn"]
[EventCountry "TUR"]
[SourceTitle "playchess.com"]
[Source "ChessBase"]
[SourceQuality "1"]
[WhiteTeam "Fjolnir"]
[BlackTeam "Hasan Pristina"]
[TimeControl "40/5400+30:1800+30"]

1. e4 {[%emt 0:01:30]} c5 {[%emt 0:01:00]} 2. Nf3 {[%emt 0:00:00]} e6 {[%emt 0:00:30]} 3. c3 {[%emt 0:00:00]} Nf6 {[%emt 0:01:30]} 4. e5 {[%emt 0:01:30]} Nd5 {[%emt 0:00:30]} 5. Bc4 {[%emt 0:00:30]} Nb6 {[%emt 0:00:30]} 6. Bb3 {[%emt 0:00:00]} c4 {[%emt 0:00:30]} 7. Bc2 {[%emt 0:00:00]} d6 {[%emt 0:01:30] B22: Sicilian: 2 c3} 8. exd6 {[%emt 0:00:30]} Bxd6 {[%emt 0:00:30]} 9. O-O {[%emt 0:00:30]} Bd7 {[%emt 0:06:30]} 10. Qe2 {[%emt 0:02:30]} Nc6 {[%emt 0:12:30]} 11. b3 {[%emt 0:00:30]} cxb3 {[%emt 0:02:30]} 12. axb3 {[%emt 0:00:30]} g5 $146 {[%emt 0:07:30]} ({Predecessor:} 12... Qe7 13. Ba3 Nd5 14. Bxd6 Qxd6 15. Na3 {1-0 (43) Hracek,Z (2650)-Piket,J (2570) Nussloch 1996}) 13. d4 {[%emt 0:00:30]} h6 {[%emt 0:04:30]} 14. Na3 {[%emt 0:03:30]} Qf6 {[%emt 0:12:30]} (14... O-O $16 {is a better defense.} 15. Ne5 f5) 15. Nc4 {[%emt 0:04:30]} Nxc4 {[%emt 0:00:30]} 16. bxc4 {[%emt 0:00:00]} Ne7 {[%emt 0:03:30]} 17. Ne5 {[%emt 0:00:00]} Bxe5 {[%emt 0:01:30]} 18. dxe5 {[%emt 0:00:30]} Qg7 {[%emt 0:01:30]} 19. Ba3 {[%emt 0:00:30]} f5 {[%emt 0:06:30]} 20. exf6 {[%emt 0:01:30]} Qxf6 {[%emt 0:00:30]} 21. Rad1 {[%emt 0:06:30]} O-O-O {[%emt 0:03:30]} 22. Qe3 {[%emt 0:02:30]} Nc6 {[%emt 0:00:30]} 23. Bd6 {[%emt 0:01:30]} e5 {[%emt 0:05:30]} 24. c5 {[%emt 0:00:30]} h5 {[%emt 0:01:30]} 25. Be4 {[%emt 0:01:30]} Rde8 {[%emt 0:02:30]} 26. Ra1 {[%emt 0:00:30]} a6 {[%emt 0:01:30]} 27. Rfb1 {[%emt 0:00:30]} Re6 {[%emt 0:04:13]} 28. Qd3 $18 {[%emt 0:01:30]} Rh6 {[%emt 0:01:05]} 29. Rxb7 {[%emt 0:02:30]} Rxd6 {[%emt 0:00:30]} 30. cxd6 {[%emt 0:00:30]} Qxd6 {[%emt 0:02:17]} 31. Rxd7 {[%emt 0:01:30]} Kxd7 {[%emt 0:01:44]} 32. Bxc6+ {[%emt 0:00:30]} 1-0

[Event "33rd ECCC Open 2017"]
[Site "Antalya"]
[Date "2017.10.09"]
[Round "2"]
[White "Danchevski, Orce"]
[Black "Burcu, Cagatay"]
[Result "1-0"]
[WhiteElo "2367"]
[BlackElo "2283"]
[Annotator "NA"]
[PlyCount "49"]
[EventType "team-tourn"]
[EventCountry "TUR"]
[SourceTitle "playchess.com"]
[Source "ChessBase"]
[SourceQuality "1"]
[WhiteTeam "Asseco See"]
[BlackTeam "Besiktas"]
[TimeControl "40/5400+30:1800+30"]

1. c4 {[%emt 0:00:30]} c6 {[%emt 0:01:00]} 2. e4 {[%emt 0:00:30]} d5 {[%emt 0:00:30]} 3. exd5 {[%emt 0:00:30]} cxd5 {[%emt 0:00:30]} 4. d4 {[%emt 0:00:30]} Nf6 {[%emt 0:00:30]} 5. Nc3 {[%emt 0:00:30]} Nc6 {[%emt 0:00:30]} 6. Bg5 {[%emt 0:00:00]} e6 {[%emt 0:17:30]} 7. Nf3 {[%emt 0:00:00]} Bb4 {[%emt 0:00:30]} 8. Bd3 {[%emt 0:11:30]} dxc4 {[%emt 0:02:30]} 9. Bxc4 {[%emt 0:00:30]} O-O {[%emt 0:00:30]} 10. O-O {[%emt 0:00:30]} b6 {[%emt 0:09:30]} 11. a3 {[%emt 0:06:30]} Be7 {[%emt 0:04:30]} 12. Qd3 {[%emt 0:00:30]} Bb7 {[%emt 0:05:30]} 13. Rad1 {[%emt 0:00:30] LiveBook: 57 Games} Nh5 {[%emt 0:05:30]} 14. Bc1 {[%emt 0:03:30]} Qc8 {[%emt 0:09:30]} 15. Rfe1 {[%emt 0:06:30]} Rd8 $18 {[%emt 0:07:30]} (15... Bf6 $142) 16. Ba2 {[%emt 0:09:30]} Bf6 {[%emt 0:08:30]} 17. Qe3 {[%emt 0:13:30]} g6 {[%emt 0:04:39]} 18. d5 {[%emt 0:06:30]} exd5 {[%emt 0:00:49]} 19. Nxd5 {[%emt 0:00:30]} Bg7 {[%emt 0:04:48]} 20. Ne7+ {[%emt 0:04:30]} Nxe7 {[%emt 0:00:05]} 21. Qxe7 {[%emt 0:00:30]} Rxd1 {[%emt 0:07:31]} 22. Qxf7+ {[%emt 0:02:30]} Kh8 {[%emt 0:00:30]} 23. Rxd1 {[%emt 0:00:00]} Qc2 {[%emt 0:01:15]} 24. Re1 {[%emt 0:01:00]} Be4 {[%emt 0:01:59]} 25. Ng5 {[%emt 0:00:30]} 1-0

[Event "33rd ECCC Open 2017"]
[Site "Antalya"]
[Date "2017.10.11"]
[Round "2"]
[White "Ozturk, Kubra"]
[Black "Podlesnik, Bogdan"]
[Result "0-1"]
[WhiteElo "2364"]
[BlackElo "2372"]
[Annotator "ChessBase"]
[PlyCount "92"]
[EventType "team-tourn"]
[EventCountry "TUR"]
[WhiteTeam "Besiktas"]
[BlackTeam "Asseco See"]
[TimeControl "40/5400+30:1800+30"]

1. d4 {[%emt 0:00:30]} Nf6 {[%emt 0:01:00]} 2. c4 {[%emt 0:00:30]} e6 {[%emt 0:00:00]} 3. g3 {[%emt 0:00:30]} c5 {[%emt 0:00:00]} 4. d5 {[%emt 0:00:30]} exd5 {[%emt 0:00:30]} 5. cxd5 {[%emt 0:00:30]} b5 {[%emt 0:00:30]} 6. e4 {[%emt 0:00:00]} Nxe4 {[%emt 0:02:30]} 7. Bg2 {[%emt 0:00:00]} Qa5+ {[%emt 0:08:30]} 8. Nd2 {[%emt 0:10:30]} Nd6 {[%emt 0:00:30]} 9. Ngf3 {[%emt 0:01:30]} Be7 {[%emt 0:00:30]} 10. O-O {[%emt 0:01:30]} O-O {[%emt 0:00:00]} 11. Nb3 {[%emt 0:08:30]} Qb6 {[%emt 0:00:00]} 12. Re1 {[%emt 0:05:30]} Bf6 {[%emt 0:01:30]} 13. Be3 {[%emt 0:03:30]} Na6 {[%emt 0:02:30]} 14. Nxc5 {[%emt 0:12:30]} Nxc5 {[%emt 0:00:00]} 15. b4 {[%emt 0:00:30]} Ndb7 {[%emt 0:14:00]} 16. d6 {[%emt 0:15:30]} Bxa1 {[%emt 0:19:30]} 17. Qxa1 {[%emt 0:00:30]} Qa6 {[%emt 0:10:30]} 18. bxc5 {[%emt 0:00:30]} Nd8 {[%emt 0:00:30]} 19. Nd4 {[%emt 0:08:30]} Bb7 {[%emt 0:02:30]} 20. Nf5 {[%emt 0:00:30]} f6 {[%emt 0:01:30]} 21. Bf1 {[%emt 0:09:12]} Qa4 {[%emt 0:06:30]} 22. Qb1 {[%emt 0:04:12]} a6 {[%emt 0:01:30]} 23. Bd3 {[%emt 0:05:13]} Qg4 {[%emt 0:16:17]} 24. Nh4 {[%emt 0:01:02]} g6 {[%emt 0:01:41]} 25. f3 {[%emt 0:06:44]} Qh5 {[%emt 0:01:14]} 26. Be4 {[%emt 0:02:21]} Bxe4 {[%emt 0:00:50]} 27. Qxe4 {[%emt 0:00:16]} Nc6 {[%emt 0:01:25]} 28. Qd3 {[%emt 0:01:55]} Rae8 {[%emt 0:01:18]} 29. Rd1 {[%emt 0:00:15]} Re6 {[%emt 0:01:43]} 30. Bf2 {[%emt 0:00:25]} Rfe8 {[%emt 0:02:05]} 31. g4 {[%emt 0:00:35]} Qg5 {[%emt 0:00:25]} 32. Ng2 {[%emt 0:00:25]} Qe5 {[%emt 0:01:42]} 33. h4 {[%emt 0:00:57]} Qe2 {[%emt 0:00:40]} 34. Qb3 {[%emt 0:00:48]} Ne5 {[%emt 0:02:04]} 35. Nf4 {[%emt 0:00:12]} Qxf3 {[%emt 0:00:44]} 36. Qxf3 {[%emt 0:00:38]} Nxf3+ {[%emt 0:00:01]} 37. Kg2 {[%emt 0:00:05]} Ne5 {[%emt 0:00:52]} 38. Nxe6 {[%emt 0:00:22]} Rxe6 {[%emt 0:00:05]} 39. Kg3 {[%emt 0:00:52]} Kf7 {[%emt 0:00:34]} 40. g5 {[%emt 0:00:00]} f5 {[%emt 0:01:20]} 41. Rd2 {[%emt 0:04:01]} Nc6 {[%emt 0:01:30]} 42. Kf3 {[%emt 0:08:30]} Re4 {[%emt 0:00:30]} 43. Bg3 {[%emt 0:03:07]} Ke6 {[%emt 0:01:30]} 44. Bf2 {[%emt 0:00:47]} a5 {[%emt 0:00:30]} 45. Rb2 {[%emt 0:03:37]} b4 {[%emt 0:01:30]} 46. Rd2 {[%emt 0:00:03]} a4 {[%emt 0:00:30]} 0-1

[Event "33rd ECCC Open 2017"]
[Site "Antalya"]
[Date "2017.10.09"]
[Round "2"]
[White "Sylvan, Jacob"]
[Black "Zagorskis, Darius"]
[Result "1/2-1/2"]
[WhiteElo "2363"]
[BlackElo "2443"]
[Annotator "TA"]
[PlyCount "63"]
[EventType "team-tourn"]
[EventCountry "TUR"]
[SourceTitle "playchess.com"]
[Source "ChessBase"]
[SourceQuality "1"]
[WhiteTeam "Nordkalotten"]
[BlackTeam "MAKABI"]

{[%evp 12,63,58,43,46,30,36,41,54,29,58,64,71,74,66,59,84,75,85,60,84,84,91,69,162,162,178,162,168,104,132,124,126,67,197,90,100,83,133,108,111,99,99,103,100,96,126,67,76,0,116,0,58,0]} 1. e4 c5 2. Nf3 e6 3. d4 cxd4 4. Nxd4 a6 5. Bd3 Bc5 6. Nb3 Be7 7. O-O Nc6 {B42: Sicilian: Kan Variation: 5 Bd3} (7... d6 8. Qg4 g6 9. Qe2 Nd7 10. Nc3 Qc7 11. Be3 b6 12. a4 h5 13. f4 Ngf6 14. Bd4 O-O 15. f5 Ne5 16. fxg6 fxg6 17. h3 Nfd7 18. Rxf8+ Bxf8 19. Qe3 Bb7 20. Ne2 Re8 21. Nf4 Qd8 22. Nxg6 {1-0 (22) Nakamura,H (2789)-Markus,R (2662) Baku 2016}) 8. c4 Nf6 9. Nc3 O-O 10. f4 d6 11. Be3 b6 12. Rc1 Bb7 13. Qf3 {[#]} g6 $146 ({Predecessor:} 13... Re8 14. Qh3 g6 15. Na4 {0-1 (34) Rodriguez Vila,A (2536)-Hellsten,J (2554) Santiago de Chile 2005}) 14. Rfd1 Nd7 15. Bb1 Qb8 16. Qh3 Nc5 17. f5 exf5 (17... Bf6 $14) 18. exf5 $18 Ne5 19. Nxc5 bxc5 20. Ne4 (20. Bf4 $18 {Bxe5 is the strong threat.} Qc8 21. Be4) 20... Bxe4 21. Bxe4 Ra7 22. Rf1 (22. b3 $16) 22... Qd8 (22... Qxb2 $14 23. f6 Bd8) 23. Bf4 ({Much less strong is} 23. fxg6 $6 hxg6 24. Bh6 Bg5) (23. Rcd1 $18) 23... Bf6 $16 24. Bd5 Re8 25. Rc3 g5 26. Rg3 {Strongly threatening Qh5.} Kh8 27. Bd2 Rg8 28. Qh5 Rg7 29. Bc3 ({White should play} 29. Kh1 $16) 29... Nd7 $14 30. Bd2 ({Don't go for} 30. Bxf7 $2 Bxc3 31. Rxc3 Nf6 $19) ({Better is} 30. Qh6 $16) 30... Ne5 (30... Bd4+ $11 {keeps the balance.} 31. Kh1 Nf6) 31. Bc3 (31. Kh1 $16) 31... Nd7 $1 32. Bd2 {Precision: White = 51%, Black = 48%.} ({But not} 32. Bxf7 $2 Bxc3 33. Rxc3 Nf6 $19) ({White should try} 32. Qh6 $14) 1/2-1/2